| 000 | 01327cam a22001814a 4500 | ||
|---|---|---|---|
| 005 | 20250605163429.0 | ||
| 008 | 250528s ||||||||||||||||||||||||d | ||
| 035 | _a19059 | ||
| 040 |
_aGR-AtMCL _bgre _dGR-AtMCL _eAACR2 |
||
| 245 | 1 | _aΑσκήσεις Στατιστικής / Δεύτερη Έκδοση | |
| 260 |
_bΠαπαζήση, _c1984 |
||
| 300 | _a286 | ||
| 520 | _aΠρόλογος, Έννοια της Πιθανότητας και Βασικές Ιδιότητες της, Κατανομές Πιθάνοτητας, Διάκριτες Θεωρητικές Κατανομές, Συνεχείς Θεωρητικές Κατανομές, Πολυμεταβλητές Κατανομές Πιθανότητας, Ροπογεννήτριες Συναρτήσεις, Οριακά Θεωρήματα, Δειγματοληψία και Κατανομές Δειγματοληψίας, Σημειακή Εκτίμηση Παραμέτρων, Εκτίμηση Παραμέτρων με Διαστήματα Εμπιστοσύνης, Έλεγχοι Στατιστικών Υποθέσεων, Απλή Παλινδρόμηση, Πολλαπλή Παλινδρόμηση, Ανάλυση Διακυμάνσεως. | ||
| 700 | 1 | _aΔρακάτος Κωνσταντίνος Γ | |
| 942 | _cBK | ||
| 999 |
_c4342 _d4342 |
||